000 00670nam a22002297a 4500
999 _c458824
_d458824
001 5150529
003 UA-OsUOA
005 20200413105358.0
008 200413b un ||||| |||| 00| 0 ukr d
040 _aUA-OsUOA
_bukr
_cUA-OsUOA
_dUA-OsUOA
041 _aukr
080 _a821.161.1
090 _a821.161.1
_bТ69
100 _aТрифонов Ю
245 _aИзбранные произведения
_cЮрий Трифонов
260 _aМосква
_bХудожественная литература
_c1978
300 _a573 с.
505 _gТ.2
_tПовести. Очерки и статьи
650 _2821
942 _2udc
_cBK
955 _a3